00740nam a2200145Ia 4500008004100000020002200041082002100063245016200084260007300246300001000319440003200329500004200361650011200403700007900515120622s9999 xx 000 0 und d a978-970-819-096-1 a338.910972 C7585 aConstruyendo los temas clave de la cooperación internacional para el desarrollo en México / coord. Beatríz Schmukler, Citlali Ayala Martínez [et al.] aMéxico : Instituto de Investigaciones Dr. José María Luis Mora a304 p aCooperación Internacional aIncluye referencias bibliográficas a1. MÉXICO - ASISTENCIA ECONÓMICA\2. \ MÉXICO - CONDICIONES ECONÓMICAS\3. \ DESARROLLO ECONÓMICO aI. Schmukler, Beatríz ; coord. II. Ayala Martínez, Citlali ; coord.Ì